Normal view
MARC view
- Archaeoastronomy.
Entry Topical Term
001 - CONTROL NUMBER
- control field: 11243
003 - CONTROL NUMBER IDENTIFIER
- control field: NUST
005 - DATE AND TIME OF LATEST TRANSACTION
- control field: 20180625124834.0
008 - FIXED-LENGTH DATA ELEMENTS
- fixed length control field: 180625|| aca||aabn | a|a d
040 ## - CATALOGING SOURCE
- Original cataloging agency: NUST
- Transcribing agency: NUST
150 ## - HEADING--TOPICAL TERM
- Topical term or geographic name entry element: Archaeoastronomy.
670 ## - SOURCE DATA FOUND
- Source citation: Work cat.: (NUST)48207: Aveni, Anthony F. 11241, Empires of time :, 2000.
